000
00311nam a2200133Ia 4500
005
20260326100034.0
008
260326s9999||||xx |||||||||||||| ||und||
100
_a
Ginouves, René
245
0
_a
El Arte Griego /
_c
René Ginouves
260
_b
Plaza & Janés
300
_a
184 p.
650
_a
ARTE
942
_c
BK
999
_c
6747
_d
6747